000 00517nam a2200181 i 4500
001 69154
003 ES-MaACL
005 20250626063142.0
007 t|
008 040915m19521956sp ||||1| spa d
100 1 _aLeón, Ricardo,
_d1877-1943
_971597
245 1 0 _aObras completas /
_cRicardo León.
260 _aMadrid :
_bBiblioteca Nueva,
_c1952-1956 (
_fAltamira)
300 _a2 v. ;
_c23 cm.
500 _aEl tomo II es segunda edición.
852 _aES-MaACL
_jA-7328-9
999 _c69154
_d69154